| 000 | 01260nac a22004337a 4500 | ||
|---|---|---|---|
| 001 | BR7907995 | ||
| 003 | BR-BrBNA | ||
| 005 | 20240105114542.0 | ||
| 008 | 230509b bl.|||m| |||| 00| 0 por d | ||
| 040 |
_aBR-BrBNA _bpor _cBiblioteca Nacional de Agricultura |
||
| 072 | _aF00; F25; E70 | ||
| 090 | _a1740 BR7907995 | ||
| 100 | 1 | _aOliveira, A.A.P. | |
| 100 | 1 | _aLima, V. de P.M.S. | |
| 110 | 1 | _aBanco do Nordeste do Brasil S.A., Fortaleza, CE | |
| 245 | 1 | _aA cultura da cebola no Nordeste [Allium cepa, Brasil] | |
| 260 | 3 |
_aFortaleza, CE (Brasil): _c1979. |
|
| 300 | _a98 p. | ||
| 490 |
_aEstudos Economicos e Sociais - Banco do Nordeste do Brasil S.A. (Brazil) _vv. 7 _x |
||
| 500 | _a28 tables; Bibliography p. 91-98 (73 ref.) | ||
| 650 | _aCEBOLA | ||
| 650 | _aPRATICA CULTURAL | ||
| 650 | _aPLANTIO | ||
| 650 | _aSEMEADURA | ||
| 650 | _aSOLO | ||
| 650 | _aADUBACAO | ||
| 650 | _aIRRIGACAO | ||
| 650 | _aDOENCA DE PLANTA | ||
| 650 | _aPRAGA DE PLANTA | ||
| 650 | _aCONTROLE | ||
| 650 | _aCOLHEITA | ||
| 650 | _aCALENDARIO AGRICOLA | ||
| 650 | _aCUSTO DE PRODUCAO | ||
| 650 | _aCREDITO | ||
| 650 | _aMERCADO | ||
| 650 | _aCOMERCIALIZACAO | ||
| 909 |
_a202312 _bLúcia Elande _c55 _dLúcia Elande |
||
| 942 |
_2AGRIS _n0 _cMS |
||
| 999 |
_c269996 _d269996 |
||